MARKETING MANAGEMENT (Record no. 16256)

MARC details
000 -LEADER
fixed length control field 00303nam a22001457a 4500
003 - CONTROL NUMBER IDENTIFIER
control field SGT
020 ## - INTERNATIONAL STANDARD BOOK NUMBER
International Standard Book Number 9789339223304
082 ## - DEWEY DECIMAL CLASSIFICATION NUMBER
Classification number 658.89
Item number SAX
100 ## - MAIN ENTRY--PERSONAL NAME
Personal name SAXENA, RAJAN
245 ## - TITLE STATEMENT
Title MARKETING MANAGEMENT
250 ## - EDITION STATEMENT
Edition statement 5TH
260 ## - PUBLICATION, DISTRIBUTION, ETC. (IMPRINT)
Name of publisher, distributor, etc TATA MCGRAW HILL
Year of Publication 2017
300 ## - PAGE DESCRIPTION
No. of Pages 816
942 ## - ADDED ENTRY ELEMENTS (KOHA)
Source of classification or shelving scheme Dewey Decimal Classification
Koha item type Books
942 ## - ADDED ENTRY ELEMENTS (KOHA)
-- 10
Holdings
Withdrawn status Lost status Source of classification or shelving scheme Damaged status Not for loan Collection code Home library Current library Shelving location Date acquired Vendor Name Cost, normal purchase price SGTU Bill Number Total Checkouts Full call number Accession No. (Barcode) Date last seen Date last borrowed Bill Date Koha item type
    Dewey Decimal Classification     COMMERCE MANAGEMENT SGT Science & Social Sciences Library SGT Science & Social Sciences Library Text Book 11/12/2018 KIRTI PRAKASHAN 925.00 SGTU IN1748 2 658.89 SAX CM4851 18/01/2025 28/12/2024   Books
    Dewey Decimal Classification     COMMERCE MANAGEMENT SGT Science & Social Sciences Library SGT Science & Social Sciences Library Text Book 11/12/2018 KIRTI PRAKASHAN 925.00 SGTU IN1748 3 658.89 SAX CM4852 14/10/2019 27/09/2019   Books
    Dewey Decimal Classification     COMMERCE MANAGEMENT SGT Science & Social Sciences Library SGT Science & Social Sciences Library Text Book 11/12/2018 KIRTI PRAKASHAN 925.00 SGTU IN1748 6 658.89 SAX CM4853 13/06/2023 08/06/2023   Books
    Dewey Decimal Classification     COMMERCE MANAGEMENT SGT Science & Social Sciences Library SGT Science & Social Sciences Library Text Book 11/12/2018 KIRTI PRAKASHAN 925.00 SGTU IN1748 1 658.89 SAX CM4854 22/12/2023 23/10/2023   Books
    Dewey Decimal Classification     COMMERCE MANAGEMENT SGT Science & Social Sciences Library SGT Science & Social Sciences Library Text Book 11/12/2018 KIRTI PRAKASHAN 925.00 SGTU IN1748 1 658.89 SAX CM4855 17/12/2021 08/12/2021   Books